| 000 | 01004nam a2200301 i 4500 | ||
|---|---|---|---|
| 003 | EG-ScBUE | ||
| 005 | 20230216070326.0 | ||
| 008 | 100803s2008 enka f b 00010 eeng d | ||
| 020 | _a9780230573055 | ||
| 040 |
_aEG-ScBUE _beng _erda _cEG-ScBUE _dEG-ScBUE |
||
| 082 | 0 | 4 |
_a378.170281 _bCOT _222 |
| 100 | 1 |
_aCottrell, Stella, _eauthor. |
|
| 245 | 1 | 4 |
_aThe study skills handbook / _cStella Cottrell. |
| 250 | _aThird edition. | ||
| 264 | 1 |
_aHampshire : _bPalgrave Macmillan Ltd., _c2008. |
|
| 300 |
_aviii, 351 pages : _billustrations ; _c24 cm. |
||
| 336 |
_2rdacontent _atext _btxt |
||
| 337 |
_2rdamedia _aunmediated _bn |
||
| 338 |
_2rdacarrier _avolume _bnc |
||
| 490 | 0 | _aPalgrave study skills | |
| 504 | _aIncludes bibliographical references and index. | ||
| 650 | 7 |
_aStudy skills _vHandbooks, manuals, etc. _2BUEsh _94924 |
|
| 653 |
_cOctober2013 _bHHUUEENN |
||
| 655 | _vReading book | ||
| 856 | _uwww.skills4study.com | ||
| 942 |
_2ddc _cBB |
||
| 999 |
_c14882 _d14882 |
||